| 000 | 00912cam a22003017a 4500 | ||
|---|---|---|---|
| 003 | CHAP | ||
| 005 | 20220329134242.0 | ||
| 008 | 971013c19621953 r 00010 d | ||
| 010 | _a17633 | ||
| 011 | _a18605 | ||
| 035 | _a22690 | ||
| 040 | _cCHAP | ||
| 082 |
_a512.8 _bB57 |
||
| 100 | 0 | 0 |
_aBirkhoff, Garrett. _912920 |
| 245 | 1 | 2 | _aA survey of modern algebra |
| 260 |
_aNew York : _bMacMillan, _c1962 (c.1953) |
||
| 300 | _a472 p. | ||
| 590 |
_aBATCH-UPD _b10 _c20130110 _lUCH01 _h1551 |
||
| 590 |
_aBATCH-UPD _b10 _c20130410 _lUCH01 _h0949 |
||
| 590 |
_aBATCH-UPD _b10 _c20130914 _lUCH01 _h0725 |
||
| 590 |
_aCONVERSION _b10 _c20130109 _lUCH01 _h1311 |
||
| 650 | 1 | 4 |
_aÁlgebra. _982391 |
| 700 | 0 |
_aMac Lane, Saunders. _969325 |
|
| 901 | _aBK | ||
| 942 | _cLIBRO | ||
| 949 |
_a512.8 B57 _bBC _cLIBRO _d33724000404786 _eLIBRO _fc.2 _h12765 _i22690 _si |
||
| 949 |
_a512.8 B57 _bBC _cLIBRO _d33724000404794 _eLIBRO _i22690 _so |
||
| 999 |
_c17633 _d17633 |
||